Normal view
MARC view
- Beard, Henry.
Entry Personal Name
001 - CONTROL NUMBER
- control field: 11746
003 - CONTROL NUMBER IDENTIFIER
- control field: NUST
005 - DATE AND TIME OF LATEST TRANSACTION
- control field: 20180717112603.0
008 - FIXED-LENGTH DATA ELEMENTS
- fixed length control field: 180717|| aca||aabn | a|a d
040 ## - CATALOGING SOURCE
- Original cataloging agency: NUST
- Transcribing agency: NUST
100 ## - HEADING--PERSONAL NAME
- Personal name: Beard, Henry.
670 ## - SOURCE DATA FOUND
- Source citation: Work cat.: (NUST)173206: Beard, Henry., Bored of the rings :, 2012.
